Normal view
MARC view
- Service life (Engineering)
Entry Topical Term
001 - CONTROL NUMBER
- control field: 26069
003 - CONTROL NUMBER IDENTIFIER
- control field: NUST
005 - DATE AND TIME OF LATEST TRANSACTION
- control field: 20191122110736.0
008 - FIXED-LENGTH DATA ELEMENTS
- fixed length control field: 191122|| aca||aabn | a|a d
040 ## - CATALOGING SOURCE
- Original cataloging agency: NUST
- Transcribing agency: NUST
150 ## - HEADING--TOPICAL TERM
- Topical term or geographic name entry element: Service life (Engineering)
670 ## - SOURCE DATA FOUND
- Source citation: Work cat.: (NUST)0: Dell'Isola, Alphonse J. 26064, Life cycle costing for facilities :, c2003.
